[Event "Veletrzni turnaj 2017 A "]
[Site "SÅ  informatiky, poÅ¡tovnictvÃ"]
[Date "2017.08.27"]
[Round "1.1"]
[White "Veznik, Michael"]
[Black "Mikes, Jan"]
[Result "0-1"]
[WhiteElo "1797"]
[BlackElo "2253"]
[PlyCount "111"]
[EventDate "2017.08.27"]

1. Nf3 Nf6 2. b4 g6 3. Bb2 Bg7 4. e4 d6 5. Be2 O-O 6. d3 c6 7. O-O Nbd7 8. Nbd2
e5 9. c4 Qe7 10. Qb3 a5 11. a3 h6 12. Rfe1 Nh5 13. Bf1 Nf4 14. g3 Ne6 15. Bg2
Kh7 16. Bc3 a4 17. Qc2 c5 18. Nf1 Nd4 19. Nxd4 cxd4 20. Bd2 Nf6 21. h3 Be6 22.
Rac1 Rfc8 23. Qd1 Qd7 24. Kh2 b5 25. Qe2 bxc4 26. dxc4 Rc7 27. c5 Ne8 28. f4
Rac8 29. cxd6 Nxd6 30. Rxc7 Rxc7 31. Rc1 Rxc1 32. Bxc1 exf4 33. gxf4 Nc4 34.
Qd3 Nb6 35. Qf3 Qc7 36. Bd2 Qc2 37. Be1 Nc4 38. Bf2 d3 39. f5 d2 40. Nxd2 Nxd2
41. Qe2 Be5+ 42. Bg3 Bxg3+ 43. Kxg3 Qc3+ 44. Kh2 gxf5 45. exf5 Bxf5 46. b5 Nc4
47. b6 Nxb6 48. Qf2 Qe5+ 49. Kg1 Nc4 50. Qa7 Qe3+ 51. Qxe3 Nxe3 52. Bc6 Bc2 53.
Bb5 Bb3 54. Kf2 Nc4 55. Ke2 Nxa3 56. Kd2 0-1

[Event "Veletrzni turnaj 2017 A "]
[Site "SÅ  informatiky, poÅ¡tovnictvÃ"]
[Date "2017.08.27"]
[Round "1.2"]
[White "Meszaros, Ludek"]
[Black "Barak, David"]
[Result "0-1"]
[WhiteElo "2170"]
[BlackElo "1785"]
[PlyCount "118"]
[EventDate "2017.08.27"]

1. d4 Nf6 2. c4 g6 3. Nc3 d5 4. Bg5 Ne4 5. Qc1 Nxc3 6. bxc3 Bg7 7. Nf3 b6 8.
cxd5 Qxd5 9. g3 Bb7 10. Bg2 Qd8 11. O-O O-O 12. Bh6 Nd7 13. Bxg7 Kxg7 14. c4 e6
15. Rd1 Qe7 16. Qb2 Kg8 17. Rac1 Rac8 18. c5 Bd5 19. a4 bxc5 20. dxc5 Bxf3 21.
Bxf3 Rb8 22. Qc3 Rfc8 23. Bc6 Rd8 24. Bg2 Nf6 25. h3 Nd5 26. Qe5 Nf6 27. g4 h6
28. Bf3 Rb4 29. a5 Rxd1+ 30. Rxd1 Rb5 31. Qc3 Rxc5 32. Qb4 Qf8 33. a6 Nd5 34.
Qb7 Ra5 35. e4 Nf6 36. Qxc7 Qc5 37. Qf4 Kg7 38. Rc1 Qb6 39. Be2 Ra4 40. Bd3 Qd4
41. Qe3 Nxe4 42. Qxd4+ Rxd4 43. Bxe4 Rxe4 44. Rc7 Ra4 45. Rxa7 Ra3 46. Kg2 g5
47. f3 Ra2+ 48. Kf1 Kg6 49. Ra8 f5 50. a7 Kg7 51. Ke1 fxg4 52. hxg4 e5 53. Kd1
Kh7 54. Kc1 h5 55. gxh5 e4 56. fxe4 g4 57. Kb1 Ra6 58. Kc2 g3 59. Rb8 Rxa7 0-1

[Event "Veletrzni turnaj 2017 A "]
[Site "SÅ  informatiky, poÅ¡tovnictvÃ"]
[Date "2017.08.27"]
[Round "1.3"]
[White "Hrdlicka, Vladan"]
[Black "Tikovsky, Alexandr"]
[Result "1-0"]
[WhiteElo "1781"]
[BlackElo "2168"]
[PlyCount "59"]
[EventDate "2017.08.27"]

1. e4 g6 2. d4 Bg7 3. c4 d6 4. Nc3 e5 5. dxe5 dxe5 6. Qxd8+ Kxd8 7. Nf3 f6 8.
Be3 Be6 9. O-O-O+ Nd7 10. Be2 Bh6 11. Bxh6 Nxh6 12. h3 c6 13. Rd6 Ke7 14. Rhd1
Nf7 15. R6d2 Rhc8 16. Kb1 a5 17. Ne1 Rab8 18. Bg4 f5 19. exf5 gxf5 20. Be2 Rg8
21. Nd5+ cxd5 22. cxd5 Nf6 23. dxe6 Kxe6 24. Bc4+ Ke7 25. Nc2 Rbc8 26. Ne3 Rg5
27. h4 Rh5 28. Be2 f4 29. Nd5+ Nxd5 30. Rxd5 1-0

[Event "Veletrzni turnaj 2017 A "]
[Site "SÅ  informatiky, poÅ¡tovnictvÃ"]
[Date "2017.08.27"]
[Round "1.4"]
[White "Pokorny, Petr"]
[Black "Fryda, Dominik"]
[Result "1-0"]
[WhiteElo "2160"]
[BlackElo "1755"]
[PlyCount "87"]
[EventDate "2017.08.27"]

1. d4 Nf6 2. c4 e6 3. Nc3 Bb4 4. Qc2 b6 5. e4 Bb7 6. Bd3 Bxc3+ 7. bxc3 d6 8. f4
e5 9. Nf3 Qe7 10. fxe5 dxe5 11. Nxe5 Nbd7 12. Nxd7 Nxd7 13. O-O f6 14. Bf4
O-O-O 15. c5 Rde8 16. cxb6 axb6 17. Qa4 Nb8 18. e5 g6 19. Rae1 fxe5 20. Rxe5
Qd7 21. Qxd7+ Nxd7 22. Rxe8+ Rxe8 23. Bg5 Bd5 24. Ba6+ Kb8 25. c4 Bg8 26. Bb5
Kc8 27. Rf3 Be6 28. Ra3 Rf8 29. d5 Bg4 30. h3 Bf5 31. Bc6 Nb8 32. Bb5 Nd7 33.
Be7 Rf7 34. d6 cxd6 35. Bxd6 Kb7 36. Re3 Nb8 37. g4 Bc8 38. c5 bxc5 39. Bxc5
Nd7 40. Bd6 Nb6 41. a4 Nd5 42. Rb3 Ka7 43. Bc5+ Ka8 44. Bc6+ 1-0

[Event "Veletrzni turnaj 2017 A "]
[Site "SÅ  informatiky, poÅ¡tovnictvÃ"]
[Date "2017.08.27"]
[Round "1.5"]
[White "Blazek, Pavel"]
[Black "Zpevakova, Jana"]
[Result "0-1"]
[WhiteElo "1749"]
[BlackElo "2134"]
[PlyCount "60"]
[EventDate "2017.08.27"]

1. e4 e6 2. d4 d5 3. exd5 exd5 4. Bd3 Bd6 5. c3 Ne7 6. Ne2 Bf5 7. Bxf5 Nxf5 8.
Qb3 Nc6 9. Qxd5 Qd7 10. Bf4 O-O-O 11. O-O Rhe8 12. Ng3 Nfxd4 13. Bg5 Re5 14.
Qxe5 Bxe5 15. Bxd8 Nc2 16. Bg5 h6 17. Be3 Nxa1 18. Na3 f5 19. f4 Bd6 20. Rxa1
Bxa3 21. bxa3 Qd3 22. Re1 Qxc3 23. Bf2 Qf6 24. h3 b6 25. Nf1 Qd6 26. Re8+ Kb7
27. Rg8 Qe7 28. Ne3 Qf7 29. Rh8 Qxa2 30. Nxf5 Qb1+ 0-1

[Event "Veletrzni turnaj 2017 A "]
[Site "SÅ  informatiky, poÅ¡tovnictvÃ"]
[Date "2017.08.27"]
[Round "1.6"]
[White "Hosek, Martin"]
[Black "Glozar, Petr"]
[Result "1-0"]
[WhiteElo "2122"]
[BlackElo "1740"]
[PlyCount "95"]
[EventDate "2017.08.27"]

1. d4 Nf6 2. c4 g6 3. Nc3 d5 4. Nf3 Bg7 5. e3 O-O 6. cxd5 Nxd5 7. Bc4 Nxc3 8.
bxc3 c5 9. O-O Nc6 10. Qe2 Qa5 11. Rb1 a6 12. Bd2 Qc7 13. a4 Na5 14. Rfc1 Bf5
15. Rb2 Rac8 16. d5 Rfd8 17. e4 Bg4 18. Ba2 Bd7 19. e5 Bxa4 20. Bf4 c4 21. Qe4
Qc5 22. Rd2 Bd7 23. Nd4 b5 24. e6 fxe6 25. Nxe6 Bxe6 26. Qxe6+ Kh8 27. Be5 Ra8
28. Re1 Re8 29. Bb1 Bxe5 30. Qxe5+ Kg8 31. Qg3 Qd6 32. f4 Rf8 33. Re6 Qc5+ 34.
Kh1 Rf6 35. Rxf6 exf6 36. Bxg6 hxg6 37. Qxg6+ Kh8 38. Qxf6+ Kg8 39. Qe6+ Kf8
40. Re2 Qa3 41. h3 Qc1+ 42. Re1 Qxc3 43. Qf5+ Kg8 44. Re7 Qg7 45. Rxg7+ Kxg7
46. Qd7+ Kf8 47. Qd6+ Ke8 48. Qc7 1-0

[Event "Veletrzni turnaj 2017 A "]
[Site "SÅ  informatiky, poÅ¡tovnictvÃ"]
[Date "2017.08.27"]
[Round "1.7"]
[White "Wunsch, Radek"]
[Black "Hajek, Oskar"]
[Result "0-1"]
[WhiteElo "1734"]
[BlackElo "2116"]
[PlyCount "106"]
[EventDate "2017.08.27"]

1. e4 c5 2. Nf3 e6 3. c3 d5 4. e5 d4 5. Bd3 Nc6 6. O-O Nge7 7. Re1 Ng6 8. Na3
Qc7 9. cxd4 cxd4 10. Qc2 Bxa3 11. bxa3 Bd7 12. Bxg6 hxg6 13. Nxd4 Qb6 14. Nf3
Rc8 15. Qe4 Qa5 16. Rb1 Ne7 17. Qxb7 Bc6 18. Qb4 Qd5 19. Qb3 Qd7 20. Ng5 Rh5
21. d3 Qd4 22. Ne4 Qxe5 23. f4 Qc7 24. Be3 Rb5 25. Qc3 Rxb1 26. Rxb1 f6 27.
Nxf6+ gxf6 28. Qxf6 Qd6 29. Bxa7 Qxa3 30. Qh8+ Kd7 31. Qd4+ Qd6 32. Qxd6+ Kxd6
33. d4 Ra8 34. Bc5+ Kd7 35. a3 Nf5 36. Kf2 Ra4 37. Rd1 Nd6 38. Rd3 Ne4+ 39. Ke3
Nxc5 40. dxc5+ Ke7 41. g3 Rc4 42. h4 Rxc5 43. g4 Rc1 44. h5 gxh5 45. gxh5 Rh1
46. Rc3 Bd5 47. Rc7+ Kf6 48. Rh7 Rh3+ 49. Kd4 Rxa3 50. h6 Rf3 51. Rh8 Rxf4+ 52.
Kc5 Rh4 53. Rf8+ Kg6 0-1

[Event "Veletrzni turnaj 2017 A "]
[Site "SÅ  informatiky, poÅ¡tovnictvÃ"]
[Date "2017.08.27"]
[Round "1.8"]
[White "Romanov, Sergey"]
[Black "Haupt, Jaromir"]
[Result "1-0"]
[WhiteElo "2111"]
[BlackElo "1728"]
[PlyCount "71"]
[EventDate "2017.08.27"]

1. e4 d6 2. d4 Nf6 3. Nc3 g6 4. f3 c6 5. a4 Bg7 6. Bc4 Nbd7 7. Nge2 a5 8. Be3
Qc7 9. Qd2 Nb6 10. Bb3 Bd7 11. O-O O-O 12. Kh1 e5 13. Rad1 Rad8 14. Bg1 Nc8 15.
f4 Bg4 16. fxe5 dxe5 17. d5 Ne8 18. h3 Bxe2 19. Qxe2 Ned6 20. dxc6 bxc6 21. Bc5
Kh8 22. Nb1 f5 23. Nd2 fxe4 24. Nxe4 Rxf1+ 25. Rxf1 Nxe4 26. Qxe4 Nd6 27. Qe1
Nf5 28. Bc4 e4 29. Rf2 Be5 30. g4 e3 31. Rf3 Ng3+ 32. Kg1 Bf4 33. Bxe3 Bxe3+
34. Qxe3 Rd1+ 35. Kg2 Qd8 36. Qe5+ 1-0

[Event "Veletrzni turnaj 2017 A "]
[Site "SÅ  informatiky, poÅ¡tovnictvÃ"]
[Date "2017.08.27"]
[Round "1.9"]
[White "Richterova, Julie"]
[Black "Krejci, Petr"]
[Result "0-1"]
[WhiteElo "1715"]
[BlackElo "2077"]
[PlyCount "84"]
[EventDate "2017.08.27"]

1. d4 d5 2. c4 dxc4 3. Nc3 a6 4. a4 Nc6 5. Nf3 Bg4 6. e3 Na5 7. h3 Bxf3 8. Qxf3
c6 9. Bd2 Nf6 10. Ne4 Nxe4 11. Qxe4 e6 12. Ra2 Bd6 13. Qg4 O-O 14. Be2 b5 15.
O-O Nb3 16. Rd1 Nxd2 17. Rxd2 f5 18. Qf3 Bb4 19. Rc2 Qd5 20. Qg3 Bd6 21. f4 Bc7
22. Bf3 Qd6 23. Rc1 Rab8 24. Rca1 c5 25. axb5 axb5 26. Ra6 Rb6 27. Rxb6 Bxb6
28. dxc5 Bxc5 29. Re1 h6 30. Qh4 e5 31. Kh1 e4 32. Bh5 Qd2 33. Re2 Qc1+ 34. Qe1
Qxe1+ 35. Rxe1 Rf6 36. Kg1 g6 37. Bd1 Rd6 38. b3 Bxe3+ 39. Rxe3 Rxd1+ 40. Kf2
Rd2+ 41. Kf1 Rd3 42. Rxd3 exd3 0-1

[Event "Veletrzni turnaj 2017 A "]
[Site "SÅ  informatiky, poÅ¡tovnictvÃ"]
[Date "2017.08.27"]
[Round "1.10"]
[White "Popper, Tomas"]
[Black "Prokop, Jiri"]
[Result "1-0"]
[WhiteElo "2025"]
[BlackElo "1701"]
[PlyCount "145"]
[EventDate "2017.08.27"]

1. b4 f5 2. Bb2 Nf6 3. c4 e6 4. a3 d5 5. e3 c6 6. d4 Bd6 7. Nf3 O-O 8. Nbd2 Ne4
9. Be2 Nd7 10. O-O Ndf6 11. Ne5 Nxd2 12. Qxd2 Bd7 13. Nxd7 Qxd7 14. f4 Ne4 15.
Qc2 a6 16. c5 Be7 17. a4 Qe8 18. Bc3 Nxc3 19. Qxc3 Qd7 20. Rab1 Rfb8 21. b5
axb5 22. axb5 Qc7 23. Rfc1 Ra2 24. Bf1 Rba8 25. bxc6 bxc6 26. Qb4 R2a7 27. Rc2
Bd8 28. Rcb2 Kf7 29. Be2 g6 30. Qe1 h5 31. h3 Qa5 32. Rb7+ Rxb7 33. Rxb7+ Kf8
34. Qg3 Be7 35. Kh2 Kf7 36. Qg5 Qd8 37. Qh6 Qf8 38. Qxf8+ Kxf8 39. Kg3 Rc8 40.
Ba6 h4+ 41. Kf3 Bd8 42. Rd7 Rb8 43. Bb7 Ba5 44. Bxc6 Rb2 45. Rb7 Rxb7 46. Bxb7
Ke7 47. Bc6 Bd8 48. g3 Kf7 49. Bd7 hxg3 50. Kxg3 Ke7 51. Ba4 Ba5 52. Kf2 Kf6
53. h4 Ke7 54. Bd1 Bd8 55. h5 gxh5 56. Bxh5 Kd7 57. Bd1 Bh4+ 58. Ke2 Kc7 59.
Ba4 Bf6 60. Be8 Bh4 61. Bf7 Kd7 62. c6+ Kxc6 63. Bxe6 Bf6 64. Kf3 Kd6 65. Bxf5
Bg7 66. Kg4 Bf6 67. Bc8 Bd8 68. f5 Bf6 69. Bb7 Bd8 70. Kf3 Bf6 71. Kg4 Bd8 72.
Kh5 Bf6 73. Kg6 1-0

[Event "Veletrzni turnaj 2017 A "]
[Site "SÅ  informatiky, poÅ¡tovnictvÃ"]
[Date "2017.08.27"]
[Round "1.11"]
[White "Dvorakova, Olga"]
[Black "Stehlik, Jiri"]
[Result "0-1"]
[WhiteElo "1678"]
[BlackElo "1989"]
[PlyCount "81"]
[EventDate "2017.08.27"]

1. e4 c5 2. Nf3 e6 3. d4 cxd4 4. Nxd4 a6 5. c4 Nf6 6. e5 Qa5+ 7. Bd2 Qxe5+ 8.
Be3 Bb4+ 9. Nd2 Ne4 10. N4f3 Qxb2 11. Rb1 Qa3 12. Qc2 f5 13. Bd3 Nc5 14. Bxc5
Bxc5 15. O-O O-O 16. Nb3 Nc6 17. Qe2 Be7 18. Rfd1 Na5 19. Nfd2 b6 20. Nxa5 Qxa5
21. Nb3 Qc3 22. Qe3 Rb8 23. Qf4 Bb7 24. Rbc1 Qf6 25. c5 bxc5 26. Nxc5 e5 27.
Qe3 Bxc5 28. Rxc5 d5 29. Rdc1 e4 30. Bf1 f4 31. Qd2 Rbe8 32. Re1 Re7 33. Rc3 h6
34. Rb3 d4 35. Rb4 Rd8 36. Qb2 Rdd7 37. Rb6 Qg5 38. Qc2 Rc7 39. Qb2 Qc5 40. Rb3
d3 41. Rxd3 0-1

[Event "Veletrzni turnaj 2017 A "]
[Site "SÅ  informatiky, poÅ¡tovnictvÃ"]
[Date "2017.08.27"]
[Round "1.12"]
[White "Pribyl, Rene"]
[Black "Zejda, Karel"]
[Result "1-0"]
[WhiteElo "1988"]
[BlackElo "1671"]
[PlyCount "80"]
[EventDate "2017.08.27"]

1. d4 d5 2. c4 e6 3. Nc3 Nf6 4. Bg5 Be7 5. e3 Nbd7 6. Nf3 b6 7. Bh4 O-O 8. a3
h6 9. b4 Bb7 10. c5 a5 11. Be2 axb4 12. axb4 Rxa1 13. Qxa1 g5 14. Bg3 Ne4 15.
Nxe4 dxe4 16. Ne5 Nxe5 17. Bxe5 f6 18. Bg3 Bd5 19. O-O Qd7 20. Qa6 bxc5 21.
dxc5 e5 22. Qa3 Ra8 23. Qc3 c6 24. h4 Ra2 25. Bc4 Bxc4 26. Qxc4+ Qd5 27. Qxd5+
cxd5 28. hxg5 hxg5 29. Rb1 Ra4 30. f4 exf3 31. gxf3 Kf7 32. c6 Bd6 33. b5 Bc5
34. b6 Bxe3+ 35. Bf2 Bxb6 36. Bxb6 Rc4 37. c7 g4 38. Rb5 Rxc7 39. Bxc7 gxf3 40.
Rxd5 Ke6 1-0

[Event "Veletrzni turnaj 2017 A "]
[Site "SÅ  informatiky, poÅ¡tovnictvÃ"]
[Date "2017.08.27"]
[Round "1.13"]
[White "Feldvabl, Vilem"]
[Black "Snorek, Milan"]
[Result "0-1"]
[WhiteElo "1658"]
[BlackElo "1984"]
[PlyCount "82"]
[EventDate "2017.08.27"]

1. d4 d5 2. c4 dxc4 3. e3 Nf6 4. Bxc4 e6 5. Nf3 c5 6. O-O a6 7. dxc5 Qxd1 8.
Rxd1 Bxc5 9. a3 b5 10. Be2 Nbd7 11. b4 Be7 12. Bb2 O-O 13. Ne5 Nxe5 14. Bxe5
Bb7 15. Nd2 Nd7 16. Bf3 Nxe5 17. Bxb7 Rab8 18. Be4 f5 19. Bc2 Bf6 20. Bb3 Kf7
21. Rab1 Rfd8 22. Nf3 Nc4 23. Rxd8 Rxd8 24. a4 Nb6 25. axb5 axb5 26. g3 g5 27.
Rd1 Rxd1+ 28. Bxd1 g4 29. Nd4 Bxd4 30. exd4 Nd5 31. Be2 Nxb4 32. Bxb5 Nc2 33.
d5 exd5 34. Kg2 Ne1+ 35. Kf1 Nf3 36. Kg2 Ng5 37. Be2 Kf6 38. h4 gxh3+ 39. Kh2
d4 40. f4 Ne4 41. Kxh3 d3 0-1

[Event "Veletrzni turnaj 2017 A "]
[Site "SÅ  informatiky, poÅ¡tovnictvÃ"]
[Date "2017.08.27"]
[Round "1.14"]
[White "Habina, Martin"]
[Black "Tajovsky, Matej"]
[Result "1-0"]
[WhiteElo "1972"]
[BlackElo "1657"]
[PlyCount "61"]
[EventDate "2017.08.27"]

1. e4 c5 2. d4 cxd4 3. c3 d3 4. Bxd3 Nc6 5. c4 d6 6. Nc3 Nf6 7. h3 e6 8. Nf3
Be7 9. O-O a6 10. Be3 O-O 11. Rc1 b6 12. Qe2 Bb7 13. Rfd1 Nd7 14. Bb1 Rc8 15.
b3 Bf6 16. Rxd6 Qe7 17. Rcd1 Rfd8 18. Na4 Nce5 19. Nxe5 Bxe5 20. Rxd7 Rxd7 21.
Rxd7 Qxd7 22. Nxb6 Qc7 23. Nxc8 Qxc8 24. Qd3 h6 25. Bd4 Bb8 26. Bb6 Bc7 27.
Bxc7 Qxc7 28. b4 a5 29. a3 Qf4 30. Qc2 a4 31. b5 1-0

[Event "Veletrzni turnaj 2017 A "]
[Site "SÅ  informatiky, poÅ¡tovnictvÃ"]
[Date "2017.08.27"]
[Round "1.15"]
[White "Nezval, Filip"]
[Black "Licka, Vlastimil"]
[Result "1-0"]
[WhiteElo "1640"]
[BlackElo "1931"]
[PlyCount "169"]
[EventDate "2017.08.27"]

1. d4 Nf6 2. c4 e6 3. Nc3 Bb4 4. e3 b6 5. Nf3 O-O 6. Bd3 Bb7 7. O-O d5 8. cxd5
exd5 9. Ne2 Nbd7 10. Bd2 Bd6 11. Rc1 Ne4 12. Ng3 g6 13. Qc2 Rc8 14. Nxe4 dxe4
15. Bxe4 Bxe4 16. Qxe4 Re8 17. Qd3 c5 18. dxc5 Nxc5 19. Qe2 Ne4 20. Rfd1 Qe7
21. Rc4 Rc5 22. Rxc5 Bxc5 23. Rc1 Rd8 24. Bc3 Nxc3 25. Rxc3 Qe4 26. Rc1 Qd5 27.
b3 Ba3 28. Rb1 Qe4 29. Rd1 Be7 30. Rxd8+ Bxd8 31. Qd1 Bf6 32. h3 Kg7 33. Nd4
Qd5 34. Qd2 Qc5 35. Ne2 h5 36. Kh2 h4 37. f4 Qf5 38. Ng1 g5 39. Nf3 gxf4 40.
exf4 Qb1 41. Qe2 Qf5 42. Qe3 Qc2 43. Qd2 Qe4 44. Ng5 Qf5 45. g3 hxg3+ 46. Kxg3
Kg6 47. h4 Bg7 48. Qe2 Qd5 49. Kg4 Qd7+ 50. Kg3 Qd5 51. Qe4+ Qxe4 52. Nxe4 Bd4
53. Nd6 Bc5 54. h5+ Kxh5 55. Nxf7 Kg6 56. Nd8 Kf5 57. Kf3 Bd6 58. Nc6 a5 59.
Nd4+ Kf6 60. Ke4 Bc5 61. Ne2 Ke6 62. f5+ Kd6 63. Nc3 Bg1 64. Nb5+ Ke7 65. Ke5
Bh2+ 66. Kd5 Kf6 67. Ke4 Bg1 68. Nc7 Bc5 69. Nd5+ Kf7 70. Ke5 Ke8 71. Ke6 Kd8
72. f6 b5 73. f7 a4 74. Nf4 axb3 75. axb3 Ba3 76. Ng6 Bb4 77. f8=Q+ Bxf8 78.
Nxf8 Kc7 79. Kd5 Kb6 80. Kd6 Ka5 81. Ne6 Kb4 82. Nd4 Kc3 83. Kc5 b4 84. Kb5
Kxd4 85. Kxb4 1-0

[Event "Veletrzni turnaj 2017 A "]
[Site "SÅ  informatiky, poÅ¡tovnictvÃ"]
[Date "2017.08.27"]
[Round "1.16"]
[White "Zuziak, Petr"]
[Black "Vavrinkova, Anna"]
[Result "1-0"]
[WhiteElo "1905"]
[BlackElo "1596"]
[PlyCount "85"]
[EventDate "2017.08.27"]

1. d4 d5 2. Nf3 Nf6 3. e3 Bg4 4. h3 Bh5 5. g4 Bg6 6. Ne5 e6 7. Nxg6 hxg6 8. c4
c6 9. Nc3 Bb4 10. Bd2 Nbd7 11. Be2 Qc7 12. Qc2 a5 13. c5 Bxc3 14. Bxc3 Ne4 15.
Bd3 Nxc3 16. bxc3 Nf6 17. g5 Nd7 18. f4 Ke7 19. Rb1 Rab8 20. Kf2 Rh5 21. Bxg6
Rh4 22. Bd3 Rbh8 23. Qb3 Rb8 24. c4 Qd8 25. cxd5 exd5 26. Kg3 Qh8 27. Bf5 g6
28. Bxd7 Kxd7 29. Qc3 Rh5 30. Qxa5 Qe8 31. Rb3 Qe6 32. Qd2 Kc7 33. Qa5+ Kd7 34.
h4 Qe4 35. Rh2 Rhh8 36. a4 Rhc8 37. Qa7 Kd8 38. h5 gxh5 39. Rxh5 Qe8 40. Rh6
Qg8 41. Rxb7 Rxb7 42. Qxb7 Rc7 43. Rd6+ 1-0

[Event "Veletrzni turnaj 2017 A "]
[Site "SÅ  informatiky, poÅ¡tovnictvÃ"]
[Date "2017.08.27"]
[Round "1.17"]
[White "Khadash, Kamil"]
[Black "Marsa, Alexandr"]
[Result "0-1"]
[WhiteElo "1540"]
[BlackElo "1905"]
[PlyCount "68"]
[EventDate "2017.08.27"]

1. Nf3 d5 2. g3 Nf6 3. Bg2 c5 4. d3 Bf5 5. O-O e6 6. Nbd2 Nc6 7. c4 d4 8. Nh4
Bg4 9. Ne4 Be7 10. Bg5 Nxe4 11. Bxe7 Qxe7 12. Bxe4 O-O 13. f4 f5 14. Bg2 g5 15.
fxg5 Qxg5 16. Rf4 e5 17. Bd5+ Kg7 18. Rf1 e4 19. Qb3 e3 20. Rf4 Rab8 21. Nf3
Bxf3 22. Bxf3 Ne5 23. Bd5 Ng6 24. Raf1 Nxf4 25. Rxf4 Qf6 26. Qa4 Qe7 27. a3 b6
28. b4 Qc7 29. b5 Rf6 30. Qd1 Rbf8 31. Qf1 Qe5 32. Qf3 Rg6 33. a4 Kh8 34. Qh5
Qxf4 0-1

[Event "Veletrzni turnaj 2017 A "]
[Site "SÅ  informatiky, poÅ¡tovnictvÃ"]
[Date "2017.08.27"]
[Round "1.18"]
[White "Spodny, Josef"]
[Black "Ivan, Laszlo"]
[Result "1-0"]
[WhiteElo "1889"]
[BlackElo "1482"]
[PlyCount "55"]
[EventDate "2017.08.27"]

1. d4 e6 2. e4 d5 3. e5 c5 4. c3 Nc6 5. Nf3 Qb6 6. a3 a5 7. Bd3 Bd7 8. Bc2 cxd4
9. cxd4 Nh6 10. Nc3 g6 11. O-O Qa6 12. Bd3 Qa7 13. Be3 Ng4 14. Qe2 Nxe3 15.
fxe3 Be7 16. Nb5 Qb8 17. h3 O-O 18. Nh2 Na7 19. Nxa7 Rxa7 20. Ng4 b5 21. Rf3 h5
22. Nf6+ Bxf6 23. Rxf6 Rc8 24. Bxg6 fxg6 25. Rxg6+ Kf7 26. Qxh5 Rh8 27. Rh6+
Kg7 28. Qg5+ 1-0

[Event "Veletrzni turnaj 2017 A "]
[Site "SÅ  informatiky, poÅ¡tovnictvÃ"]
[Date "2017.08.27"]
[Round "1.19"]
[White "Vaculik, Martin"]
[Black "Macurek, Miloslav"]
[Result "0-1"]
[WhiteElo "1400"]
[BlackElo "1854"]
[PlyCount "38"]
[EventDate "2017.08.27"]

1. d4 Nf6 2. c4 g6 3. Nc3 Bg7 4. e4 d6 5. Be2 O-O 6. Bg5 c5 7. d5 Qa5 8. Qd2
Re8 9. h3 h6 10. Be3 a6 11. Nf3 Bd7 12. a4 b5 13. cxb5 axb5 14. Nxb5 Nxe4 15.
Qxa5 Rxa5 16. Ra2 Na6 17. Nd2 Nb4 18. Nxe4 Nxa2 19. Bxc5 Rxa4 0-1

[Event "Veletrzni turnaj 2017 A "]
[Site "SÅ  informatiky, poÅ¡tovnictvÃ"]
[Date "2017.08.27"]
[Round "1.20"]
[White "Hruza, Dominik"]
[Black "Habinova, Alice"]
[Result "1-0"]
[WhiteElo "1841"]
[BlackElo "1393"]
[PlyCount "63"]
[EventDate "2017.08.27"]

1. e4 e5 2. Nf3 Nc6 3. Bb5 f5 4. Nc3 fxe4 5. Nxe4 d5 6. Nxe5 dxe4 7. Nxc6 Qd5
8. c4 Qc5 9. d4 exd3 10. Be3 Qd6 11. Qh5+ g6 12. Qe5+ Qxe5 13. Nxe5+ Ke7 14.
Bc5+ Ke6 15. Bxf8 Nf6 16. Bg7 Rd8 17. Bxf6 Kxf6 18. Nf3 Be6 19. Nd2 c6 20. Ba4
Re8 21. O-O Rad8 22. Rfe1 Kg7 23. f3 Rd4 24. Re4 Rd7 25. Rae1 Rde7 26. c5 Kf8
27. Bb3 Bf5 28. Rxe7 Rxe7 29. Rxe7 Kxe7 30. Kf2 b5 31. Ke3 a5 32. g4 1-0

[Event "Veletrzni turnaj 2017 A "]
[Site "SÅ  informatiky, poÅ¡tovnictvÃ"]
[Date "2017.08.27"]
[Round "1.21"]
[White "Khadash, Samuel"]
[Black "Cihal, Jan"]
[Result "1-0"]
[WhiteElo "1389"]
[BlackElo "1832"]
[PlyCount "91"]
[EventDate "2017.08.27"]

1. e4 d5 2. exd5 Nf6 3. Nf3 Nxd5 4. Bc4 Nb6 5. Bb3 Nc6 6. Nc3 Bg4 7. Bxf7+ Kd7
8. h3 Bxf3 9. Qxf3 e6 10. Bh5 Qf6 11. Qxf6 gxf6 12. d3 Nd4 13. Bd1 Rg8 14. g3
f5 15. Be3 Bg7 16. Rb1 Bf6 17. Bxd4 Bxd4 18. Ne2 Bh8 19. d4 Rae8 20. c3 c6 21.
Bb3 Nd5 22. Bxd5 exd5 23. Kd2 Bf6 24. h4 Bd8 25. Nc1 Rg4 26. Nd3 Bc7 27. Rbe1
Rgg8 28. Rxe8 Rxe8 29. Re1 Rxe1 30. Kxe1 Ke7 31. Ke2 Bd6 32. Kf3 h6 33. a3 Kf6
34. Nc5 b6 35. Nd3 Ke6 36. g4 Be7 37. Kg3 a5 38. f4 fxg4 39. Kxg4 c5 40. f5+
Kd6 41. Ne5 cxd4 42. cxd4 Bf6 43. Nf3 h5+ 44. Kxh5 Bg7 45. Kg6 Bf8 46. Ne5 1-0

[Event "Veletrzni turnaj 2017 A "]
[Site "SÅ  informatiky, poÅ¡tovnictvÃ"]
[Date "2017.08.27"]
[Round "1.22"]
[White "Straka, Vojtech"]
[Black "Tajovsky, Simon"]
[Result "1-0"]
[WhiteElo "1830"]
[BlackElo "1293"]
[PlyCount "49"]
[EventDate "2017.08.27"]

1. d4 d5 2. c4 e6 3. Nc3 Nf6 4. Nf3 Nbd7 5. g3 Be7 6. Bg2 O-O 7. O-O b6 8. b3
Bb7 9. cxd5 exd5 10. Qc2 Rc8 11. Bb2 c5 12. Rac1 Ne4 13. Qb1 Ndf6 14. Rfd1 Re8
15. Nxe4 Nxe4 16. Ne5 cxd4 17. Bxe4 Rxc1 18. Bxh7+ Kf8 19. Qxc1 Bg5 20. Ba3+
Be7 21. Qf4 f6 22. Ng6+ Kf7 23. Nxe7 Rxe7 24. Bxe7 Qxe7 25. Rc1 1-0

[Event "Veletrzni turnaj 2017 A "]
[Site "SÅ  informatiky, poÅ¡tovnictvÃ"]
[Date "2017.08.27"]
[Round "1.23"]
[White "Richter, Rudolf"]
[Black "Rehurek, Karel"]
[Result "0-1"]
[WhiteElo "1251"]
[BlackElo "1826"]
[PlyCount "60"]
[EventDate "2017.08.27"]

1. e4 e5 2. f4 exf4 3. Nf3 Nc6 4. Nc3 d6 5. Bc4 Be6 6. Bb3 Ne5 7. d4 Nxf3+ 8.
Qxf3 Qh4+ 9. Qf2 Qxf2+ 10. Kxf2 g5 11. h4 Bh6 12. hxg5 Bxg5 13. Kf3 h5 14. Bxf4
Bg4+ 15. Ke3 Bd8 16. g3 Ne7 17. Bg5 Nf5+ 18. exf5 Bxg5+ 19. Ke4 c6 20. d5 Kf8
21. Raf1 Re8+ 22. Kd3 Re3+ 23. Kd4 c5+ 24. Kc4 a6 25. a4 Kg7 26. Rf2 Rhe8 27.
a5 Rxg3 28. Ba4 Ree3 29. Rhf1 Bf6 30. Ra1 Rxc3+ 0-1

[Event "Veletrzni turnaj 2017 A "]
[Site "SÅ  informatiky, poÅ¡tovnictvÃ"]
[Date "2017.08.27"]
[Round "2.1"]
[White "Mikes, Jan"]
[Black "Habina, Martin"]
[Result "1-0"]
[WhiteElo "2253"]
[BlackElo "1972"]
[PlyCount "47"]
[EventDate "2017.08.27"]

1. e4 c5 2. Nf3 Nc6 3. d4 cxd4 4. Nxd4 Nf6 5. Nc3 e5 6. Ndb5 d6 7. Bg5 a6 8.
Na3 b5 9. Bxf6 gxf6 10. Nd5 Be7 11. c3 O-O 12. Bd3 Be6 13. Qh5 Rb8 14. Nc2 Qd7
15. Nce3 Kg7 16. O-O Rg8 17. Nf5+ Bxf5 18. exf5 Na5 19. Rfe1 Bd8 20. Re3 Kh8
21. Qh6 Nc4 22. Rg3 Rxg3 23. hxg3 Nb6 24. Qf8# 1-0

[Event "Veletrzni turnaj 2017 A "]
[Site "SÅ  informatiky, poÅ¡tovnictvÃ"]
[Date "2017.08.27"]
[Round "2.4"]
[White "Marsa, Alexandr"]
[Black "Hosek, Martin"]
[Result "1/2-1/2"]
[WhiteElo "1905"]
[BlackElo "2122"]
[PlyCount "66"]
[EventDate "2017.08.27"]

1. d4 Nf6 2. c4 g6 3. Nc3 d5 4. Bf4 Bg7 5. e3 O-O 6. Qb3 dxc4 7. Bxc4 a6 8. Nf3
b5 9. Be2 Be6 10. Qc2 Nbd7 11. e4 c5 12. d5 Bg4 13. O-O Qb6 14. Rfd1 Rac8 15.
h3 Bxf3 16. Bxf3 Ne8 17. Bg4 Rd8 18. h4 Ne5 19. Be2 Nd6 20. a4 Nec4 21. axb5
axb5 22. Qb3 Rb8 23. Bxc4 bxc4 24. Qxb6 Rxb6 25. Na4 Rb5 26. e5 Nf5 27. Kf1 Rd8
28. g4 Nd4 29. Nxc5 Nc2 30. Rac1 Rxc5 31. Rxc2 Rcxd5 32. Rxd5 Rxd5 33. Rxc4
Bxe5 1/2-1/2

[Event "Veletrzni turnaj 2017 A "]
[Site "SÅ  informatiky, poÅ¡tovnictvÃ"]
[Date "2017.08.27"]
[Round "2.5"]
[White "Hajek, Oskar"]
[Black "Hruza, Dominik"]
[Result "1-0"]
[WhiteElo "2116"]
[BlackElo "1841"]
[PlyCount "109"]
[EventDate "2017.08.27"]

1. e4 e5 2. Nf3 Nf6 3. Nxe5 d6 4. Nf3 Nxe4 5. Nc3 Nxc3 6. dxc3 Be7 7. Bf4 Nd7
8. Qd2 O-O 9. O-O-O Nc5 10. Kb1 Be6 11. Nd4 Qd7 12. Nxe6 Nxe6 13. Be3 Qa4 14.
Be2 Rad8 15. f4 c6 16. Rhf1 Nc7 17. Bf3 d5 18. f5 Nb5 19. Be2 Bf6 20. g4 Nd6
21. Bd3 Nc4 22. Bxc4 dxc4 23. Qg2 Qb5 24. Ka1 Qa5 25. Bc1 Rxd1 26. Rxd1 Rd8 27.
Qe2 h6 28. Rg1 Qd5 29. Qf2 Be7 30. Re1 Bc5 31. Qe2 b5 32. f6 a5 33. fxg7 Kxg7
34. Qf1 Rd6 35. Qf4 Rf6 36. Qb8 Re6 37. Rf1 Qd6 38. Qc8 Qxh2 39. Qd7 Be7 40. g5
hxg5 41. Bxg5 Qe5 42. Bc1 Qd6 43. Qe8 Rf6 44. Rg1+ Rg6 45. Bh6+ Kh7 46. Qxf7+
Kxh6 47. Rh1+ Kg5 48. Qf3 Rf6 49. Qh5+ Kf4 50. Rf1+ Ke3 51. Re1+ Kf4 52. Qh4+
Kf5 53. Qe4+ Kg5 54. Rg1+ Kh5 55. Qh1+ 1-0